| 000 | 00551nam a2200205 a 4500 | ||
|---|---|---|---|
| 005 | 20210219153311.0 | ||
| 008 | 991125n 000 0 spa u | ||
| 035 | _aUPN01000090113 | ||
| 100 | 1 |
_aLobrot, Michel, _d1924- |
|
| 222 | _aROSAS INFANTILES | ||
| 222 | _bREVISTA PEDAGOGICA INDEPENDIENTE | ||
| 245 | _aLa nueva pedagogĂa : la pedagogĂa institucional | ||
| 300 | _a32 | ||
| 362 | 0 | _a1973 No. 6, feb.-mar. | |
| 653 | 0 | _aEUA | |
| 653 | 0 | _aFRANCIA | |
| 653 | 0 | _aSISTEMA EDUCATIVO NACIONAL | |
| 904 |
_aAC _b027924 |
||
| 905 | _aArticulo | ||
| 999 |
_c73522 _d73522 |
||